LEADER 01504nam 2200385Ka 450 001 9910696626603321 005 20260326234647.0 035 $a(CKB)5470000002380598 035 $a(OCoLC)232120309 035 $a(EXLCZ)995470000002380598 100 $a20080616d2004 ua 0 101 0 $aeng 181 $ctxt$2rdacontent 182 $cc$2rdamedia 183 $acr$2rdacarrier 200 14$aThe economic effects of the Marathon- Ashland joint venture $ethe importance of industry supply shocks and vertical market structure /$fChristopher T. Taylor and Daniel S. Hosken 205 $aLast rev. May 7, 2004. 210 1$a[Washington, DC] :$c[Bureau of Economics, U.S. Federal Trade Commission],$d[2004] 215 $a35 pages, 15 unnumbered pages $cdigital, PDF file 225 1 $aWorking paper ;$vno. 270 300 $aTitle from title screen (viewed on June 16, 2008). 517 $aEconomic effects of the Marathon- Ashland joint venture 606 $aPetroleum industry and trade$xMergers$zUnited States 606 $aJoint ventures$zUnited States 615 0$aPetroleum industry and trade$xMergers 615 0$aJoint ventures 700 $aTaylor$b Christopher T$01396204 701 $aHosken$b Daniel$01381181 712 02$aUnited States.$bFederal Trade Commission.$bBureau of Economics. 801 0$bGPO 801 1$bGPO 906 $aBOOK 912 $a9910696626603321 996 $aThe economic effects of the Marathon- Ashland joint venture$94557498 997 $aUNINA